[Event "Muensterland Verbandsliga 1415"]
[Site "Germany"]
[Date "2014.11.29"]
[Round "4.2"]
[White "Tietz, Eric"]
[Black "Berger, Alfred Josef"]
[Result "1/2-1/2"]
[WhiteElo "1920"]
[BlackElo "1955"]
[PlyCount "131"]
[EventDate "2014.09.06"]
[EventType "team-tourn"]
[EventRounds "9"]
[EventCountry "GER"]
[SourceTitle "EXT 2016"]
[Source "ChessBase"]
[SourceDate "2015.10.08"]
[SourceVersion "1"]
[SourceVersionDate "2015.10.08"]
[SourceQuality "1"]
[WhiteTeam "Muenster IV"]
[BlackTeam "Heiden"]
[WhiteTeamCountry "GER"]
[BlackTeamCountry "GER"]

1. e4 e6 2. d4 d5 3. Nd2 c5 4. Ngf3 a6 5. dxc5 Bxc5 6. Nb3 Bb6 7. exd5 Qxd5 8. Qxd5 exd5 9. Bf4 Ne7 10. Bd3 Nbc6 11. c3 Bf5 12. Rd1 Rd8 13. 0-0 0-0 14. Rfe1 Rd7 15. Be3 Bxe3 16. Rxe3 Bxd3 17. Rexd3 b5 18. a3 Ra7 19. Kf1 g6 20. Re1 Rc8 21. Ne5 Nxe5 22. Rxe5 a5 23. Nxa5 d4 24. Rxb5 dxc3 25. Rxc3 Rxc3 26. bxc3 Nf5 27. Nc4 h5 28. Ke2 Re7+ 29. Kd2 Nh4 30. Ne3 Ra7 31. Rb3 f5 32. f4 Ra4 33. c4 g5 34. fxg5 f4 35. Nd5 Nxg2 36. Nb6 Ra5 37. Nd5 Ra4 38. Nf6+ Kf7 39. Kc3 Kg6 40. Ne4 Ne3 41. h4 Rxc4+ 42. Kd3 Ra4 43. Nc3 Ra6 44. Ke4 Ng2 45. a4 Nxh4 46. Kxf4 Ng2+ 47. Kg3 Ne3 48. Rb5 Nf5+ 49. Kf4 Nd4 50. Rd5 Ne6+ 51. Ke5 h4 52. Rd6 Rxd6 53. Kxd6 h3 54. Ne2 h2 55. Ng3 Nxg5 56. Kd5 Nf7 57. a5 Nh6 58. a6 Nf5 59. Nh1 Ne7+ 60. Ke6 Nc8 61. Kd7 Na7 62. Kc7 Kg5 63. Kb7 Nb5 64. Kb6 Nd6 65. Kc6 Nc8 66. Kc7 1/2-1/2

[Event "Muensterland Verbandsklasse 1314"]
[Site "Germany"]
[Date "2013.10.12"]
[Round "2.4"]
[White "Lanfer, Stefanie"]
[Black "Tietz, Eric"]
[Result "1/2-1/2"]
[WhiteElo "1823"]
[BlackElo "1909"]
[PlyCount "85"]
[EventDate "2013.09.21"]
[EventType "team-tourn"]
[EventRounds "9"]
[EventCountry "GER"]
[SourceTitle "EXT 2015"]
[Source "ChessBase"]
[SourceDate "2014.11.20"]
[SourceVersion "1"]
[SourceVersionDate "2014.11.20"]
[SourceQuality "1"]
[WhiteTeam "Gescher"]
[BlackTeam "Muenster SK IV"]
[WhiteTeamCountry "GER"]
[BlackTeamCountry "GER"]

1. e4 e5 2. d4 exd4 3. Qxd4 Nc6 4. Qe3 Nf6 5. Nc3 Bb4 6. Bd2 0-0 7. 0-0-0 Re8 8. Qg3 Nxe4 9. Nxe4 Rxe4 10. c3 Bc5 11. Bd3 Re8 12. Nf3 d5 13. Ng5 h6 14. Nxf7 Kxf7 15. Bg6+ Kf8 16. Qf3+ Qf6 17. Qxf6+ gxf6 18. Bxh6+ Ke7 19. Bxe8 Kxe8 20. Rhe1+ Kf7 21. Re2 Be6 22. Bf4 Bb6 23. Rde1 Bf5 24. f3 Rd8 25. g4 Bd3 26. Rd2 Bh7 27. g5 d4 28. gxf6 Kxf6 29. h4 Kf5 30. Bg5 Rf8 31. Re4 Kg6 32. cxd4 Rxf3 33. d5 Rf1+ 34. Rd1 Rxd1+ 35. Kxd1 Nd4 36. b3 Kh5 37. Re7 Bb1 38. Bf6 Nf5 39. Re5 Kg6 40. Re6 Bxa2 41. Kc2 Ne3+ 42. Kb2 Nxd5 43. Bh8+ 1/2-1/2

[Event "Sachsen-ch U18"]
[Site "Sebnitz"]
[Date "2009.04.16"]
[Round "5"]
[White "Doberitz, Paul"]
[Black "Tietz, Eric"]
[Result "1-0"]
[WhiteElo "2092"]
[BlackElo "1681"]
[PlyCount "99"]
[EventDate "2009.04.14"]
[EventType "swiss"]
[EventRounds "7"]
[EventCountry "GER"]
[SourceTitle "EXT 2010"]
[Source "ChessBase"]
[SourceDate "2010.11.25"]
[SourceVersion "1"]
[SourceVersionDate "2010.11.25"]
[SourceQuality "1"]

1. e4 e5 2. Nf3 Nc6 3. d4 exd4 4. Bc4 Bc5 5. c3 d3 6. b4 Bd6 7. 0-0 Nge7 8. Re1 Ng6 9. e5 Be7 10. b5 Na5 11. Bxd3 d5 12. exd6 Qxd6 13. Ba3 Qd8 14. Nd4 0-0 15. Bxg6 Bxa3 16. Bxh7+ Kxh7 17. Qh5+ Kg8 18. Nxa3 Qf6 19. Re4 g6 20. Qc5 Qb6 21. Qg5 c5 22. Ndc2 Bf5 23. Rh4 Rfe8 24. Ne3 Qe6 25. h3 Qe5 26. Nxf5 Qxf5 27. Qxf5 gxf5 28. Kf1 Kg7 29. Nc2 Re4 30. Ne3 Kg6 31. g4 f4 32. Nf5 f3 33. Rh5 Rf4 34. Rd1 Re8 35. Nh4+ Kg7 36. Rd3 Re2 37. Rxf3 Rxf3 38. Nxf3 Rxa2 39. Rxc5 Nb3 40. Rc7 b6 41. Ne5 Nd2+ 42. Kg2 Kf6 43. Nd3 Ne4 44. Rc4 Nd6 45. Rf4+ Ke6 46. c4 Ra3 47. Nb4 Ra4 48. Nc6 Nxb5 49. Nd8+ Ke5 50. Rf5+ 1-0

[Event "Sachsen-ch U16"]
[Site "Sebnitz"]
[Date "2007.04.12"]
[Round "4"]
[White "Tietz, Eric"]
[Black "Haeusler, Felix"]
[Result "1/2-1/2"]
[WhiteElo "1544"]
[BlackElo "1696"]
[PlyCount "41"]
[EventDate "2007.04.10"]
[EventType "swiss"]
[EventRounds "7"]
[EventCountry "GER"]
[SourceTitle "EXT 2008"]
[Source "ChessBase"]
[SourceDate "2007.11.25"]
[SourceVersion "1"]
[SourceVersionDate "2007.11.25"]
[SourceQuality "1"]

1. e4 e5 2. Nf3 Nc6 3. Bc4 Nf6 4. d4 exd4 5. e5 d5 6. Bb5 Ne4 7. Nxd4 Bd7 8. Bxc6 bxc6 9. 0-0 Bc5 10. Be3 0-0 11. Nd2 Bxd4 12. Bxd4 Ng5 13. Nb3 Ne6 14. Be3 f6 15. exf6 Qxf6 16. Nc5 Nxc5 17. Bxc5 Rfe8 18. c3 Qg6 19. Qf3 a5 20. Qg3 Qxg3 21. fxg3 1/2-1/2